000 01478nam a2200289Ia 4500
999 _c34629
_d34629
001 394
003 GE_BSU
005 20200121165230.0
008 181216s2009||||ge |||||||||||||| ||geo||
020 _a9789941101748
040 _cGE_BSU
041 _ageo
080 _a61(038)+81.374.26.353.1=111=161.1=124 გ–60
100 _aგოგიჩაძე, გ.
_96293
245 _aსამედიცინო ტერმინოლოგიის ქართულ–ინგლისურ–რუსულ-ლათინური განმარტებითი ლექსიკონი /
_cგ. გოგიჩაძე, ა. გედენიძე, ჯ. ჭუმბურიძე ; [რედ.: ნოდარ ჭიჭინაძე, ალექსანდრე ქორელი].
264 _aთბილისი :
_bმერიდიანი,
_c2009.
300 _a496 გვ.
_b19 სმ.
504 _a ბიბლიოგრ.: გვ. 394-395.
541 _h20ლ.
653 _aმედიცინა
653 _aტერმინოლოგია
700 _aგედენიძე, ა.
_eავტორი
_96294
700 _aჭუმბურიძე, ჯ.
_eავტორი
_96295
700 _aჭიჭინაძე, ნოდარ
_eრედაქტორი
_96296
700 _aქორელი, ალექსანდრე
_eრედაქტორი
_96297
942 _cBK
_2udc